00769nam a2200217 a 450000100100000000500170001000800410002702000150006804000250008308200240010810000360013224500920016825000120026026000380027230000460031049000370035665100360039365100360042971000490046583000370051400004345820240313073818.0140318s2004 dr ad 000 0 spa d a9993403601 aDO-SdBNPbspacBNPHU a327.46bC146p, 20041 aCalduch Cervera, Rafael,d1952-13aLa política exterior de España :bbalance y perspectivas /cRafael Calduch Cervera. a2ª ed. aSanto Domingo :bFUNGLODE,c2004. a47 p. :bil., gráfcs., tabls. ;c24 cm.1 aPensamiento contemporáneo ;v3 4aEspañaxRelaciones Exteriores 4aEspañaxPolítica Y Gobierno2 aFundación Global Democracía y Desarrollo 0aPensamiento contemporáneo ;v3